Normal view
MARC view
Entry Personal Name
001 - CONTROL NUMBER
- control field: 18289
003 - CONTROL NUMBER IDENTIFIER
- control field: HDC
005 - DATE AND TIME OF LATEST TRANSACTION
- control field: 20230624073529.0
008 - FIXED-LENGTH DATA ELEMENTS
- fixed length control field: 210304|| aca||aabn | a|a d
040 ## - CATALOGING SOURCE
- Original cataloging agency: HDC
- Transcribing agency: HDC
100 ## - HEADING--PERSONAL NAME
- Personal name: Diko Oktara
670 ## - SOURCE DATA FOUND
- Source citation: Work cat.: (HDC): Diko Oktara, author, KADIN, HDC HOLD E-HALAL FORUM TO BOOST HALAL PRODUCT DEVELOPMENT /, 2016
